000 00531nam a2200193 a 4500
001 9345
003 CO-ViMGA
008 141112s2004 ck r 000 u spa d
040 _aCO-ViMGA
_bspa
_cCO-ViMGA
082 0 4 _aR463 G216
100 1 _aGarcía Pelayo ; Ramón,
_910133
245 1 0 _aPractilarousse ilustrado.
260 _aGross Paris :
_bCírculo de lectores,
_c1987
300 _aVolumen 1, 6, 11 : il.
650 1 4 _aDICCIONARIO
_910134
650 1 4 _aDICCIONARIO ESPAÑOL
_910135
650 1 4 _aESPAÑOL
942 _2ddc
_cBK
999 _c20875
_d20875